书目信息 |
| 题名: |
中国共产党中央委员会关于若干历史问题的决议
|
|
| 作者: | ;人民出版社 编 | |
| 分册: | ||
| 出版信息: | 北京 人民出版社 1953.3 |
|
| 页数: | 59页 | |
| 开本: | 19cm | |
| 丛书名: | ||
| 单 册: | ||
| 中图分类: | D22 | |
| 科图分类: | ||
| 主题词: | 中国共产党 | |
| 电子资源: | ||
| ISBN: | ||
| 000 | 00674nam0 2200205 45 | |
| 001 | 0305191597 | |
| 005 | 20060820093621.89 | |
| 010 | @dCNY0.14 | |
| 091 | @a3001.186 | |
| 100 | @a20030519d1953 km y0chiy0120 ea | |
| 101 | 0 | @achi |
| 200 | 1 | @a中国共产党中央委员会关于若干历史问题的决议@AZhong Guo Gong Chan Dang Zhong Yang Wei Yuan Hui Guan Yu Ruo Gan Li Shi Wen Ti De Jue Yi@f本社编@FBen She Bian |
| 210 | @a北京@c人民出版社@d1953.3 | |
| 215 | @a59页@d19cm | |
| 300 | @a1945年4月27日中国共产党第六届中央委员会扩大的第七次全体会议通过 | |
| 606 | 0 | @a中国共产党 |
| 690 | @aD22@v3 | |
| 711 | 02 | @a人民出版社@4编 |
| 801 | @aCN@bTSTC@c20060820 | |
| 905 | @dD22@e10@f2@b35156-157 | |
| 中国共产党中央委员会关于若干历史问题的决议/本社编.-北京:人民出版社,1953.3 |
| 59页;19cm |
| 1945年4月27日中国共产党第六届中央委员会扩大的第七次全体会议通过 |
| ISBN :CNY0.14 |
| ● |
| 相关链接 |
|
|
|
|
正题名:中国共产党中央委员会关于若干历史问题的决议
索取号:D22/10
 
预约/预借
| 序号 | 登录号 | 条形码 | 馆藏地/架位号 | 状态 | 备注 |
| 1 | 0035156 | 001011005 | 密集书库/ [索取号:D22/10] | 在馆 | |
| 2 | 0035157 | 001010961 | 第一样本阅览室/ [索取号:D22/10] | 在馆 | |
| 3 | 0035158 | 001724897 | 密集书库/ [索取号:D22/10] | 在馆 | |
| 4 | 0035159 | 001788827 | 密集书库/ [索取号:D22/10] | 在馆 | |
| 5 | 0035160 | 001723790 | 密集书库/ [索取号:D22/10] | 在馆 | |
| 6 | 0441577 | 204415775 | 密集书库/ [索取号:D22/10] | 在馆 | |
| 7 | 0471371 | 204713710 | 密集书库/ [索取号:D22/10] | 在馆 |